Rating revaluation 2010 (Record no. 108435)

MARC details
000 -LEADER
fixed length control field 01025cad a22002175a 4500
001 - CONTROL NUMBER
control field L144278
008 - FIXED-LENGTH DATA ELEMENTS--GENERAL INFORMATION
fixed length control field 080708s2008 xxk df s 000 0 eng d
035 ## - SYSTEM CONTROL NUMBER
System control number (Sirsi) u144278
041 0# - LANGUAGE CODE
Language code of text/sound track or separate title eng
110 2# - MAIN ENTRY--CORPORATE NAME
Corporate name or jurisdiction name as entry element GVA Grimley
9 (RLIN) 3646
245 00 - TITLE STATEMENT
Title Rating revaluation 2010
Medium [electronic resource]
260 ## - PUBLICATION, DISTRIBUTION, ETC.
Place of publication, distribution, etc. London
Name of publisher, distributor, etc. GVA Grimley
Date of publication, distribution, etc. 2008
490 #0 - SERIES STATEMENT
Series statement Research Briefing
520 ## - SUMMARY, ETC.
Summary, etc. New rateable values for non-domestic rents will be effective on 1 April 2010, based on rental values on 1st April 2008. This report analyses rental trends in the sectors of office, retail, industry from April 2003 to April 2008. It also projects the expected rent rates from 1 April 2010 for those renting major commercial properties in key places.
521 ## - TARGET AUDIENCE NOTE
Target audience note Advanced
590 ## - LOCAL NOTE (RLIN)
Local note KA NTK
651 #4 - SUBJECT ADDED ENTRY--GEOGRAPHIC NAME
Geographic name Great Britain
Chronological subdivision 1707-
690 ## - LOCAL SUBJECT ADDED ENTRY--TOPICAL TERM (OCLC, RLIN)
Topical term or geographic name as entry element PROPERTY-COMMERCIAL PROPERTY-COMMERCIAL PROPERTY TAXATION-COMMERCIAL PROPERTY TAXATION VALUATION
856 48 - ELECTRONIC LOCATION AND ACCESS
Uniform Resource Identifier <a href="https://www.gvagrimley.co.uk/">https://www.gvagrimley.co.uk/</a>
Public note View this item at www.gvagrimley.co.uk...
942 ## - ADDED ENTRY ELEMENTS (KOHA)
Suppress in OPAC 0
Holdings
Withdrawn status Lost status Source of classification or shelving scheme Damaged status Not for loan Home library Current library Shelving location Date acquired Total Checkouts Full call number Barcode Date last seen Copy number Price effective from Koha item type
    Dewey Decimal Classification     Virtual Virtual Online 08/07/2008   ONLINE PUBLICATION 144278-1001 06/08/2019 1 06/08/2019 Book